00763cam a2200241 a 450000100090000000300040000900500170001300800410003001000170007102000180008804000180010605000240012408200220014810000340017024500570020424600220026125000120028326000450029530000350034050400510037565000200042685600750044612897886OSt20210914104259.0020816s2003 caua b 001 0 eng  a 2002511525 a9788131704417 aDLCcDLCdDLC00aQC174.12b.L52 200304a530.12220bLIB/I aLiboff, Richard Ld1931-2014.10aIntroductory quantum mechanics /cRichard L. Liboff.30aQuantum mechanics a4th ed. aSan Francisco :bAddison-Wesley,cc2003. axvii, 878 p. :bill. ;c25 cm. aIncludes bibliographical references and index. 0aQuantum theory.413Table of contentsuhttp://www.loc.gov/catdir/toc/fy034/2002511525.html